[Event "DVM U16w 2023"]
[Site "Magdeburg GER"]
[Date "2023.12.27"]
[Round "2"]
[White "Bakó, Isabella"]
[Black "Lohrmann, Flavia"]
[Result "1-0"]
[Termination "normal"]
[Board "10.1"]
[WhiteElo "1399"]
[BlackElo "1096"]
[WhiteClock "00:50:20"]
[BlackClock "01:05:51"]
[WhiteTeam "SV Stuttgart-Wolfbusch 1956"]
[BlackTeam "SK Freiburg-Zähringen 1887"]
[PlyCount "73"]
[WhiteFideId "16287266"]
[BlackFideId "12982865"]
[EventCountry "GER"]
[EventRounds "7"]
[EventType "team-swiss"]
[EventDate "2023.12.26"]

1. e4 {[%clk 01:30:56]} {[%emt 00:00:05]} e5 {[%clk 01:30:55]} {[%emt
00:00:05]} 2. Nf3 {[%clk 01:31:17]} {[%emt 00:00:08]} Nc6 {[%clk 01:31:16]}
{[%emt 00:00:11]} 3. Bb5 {[%clk 01:31:30]} {[%emt 00:00:17]} Nf6 {[%clk
01:31:30]} {[%emt 00:00:15]} 4. O-O {[%clk 01:31:28]} {[%emt 00:00:31]} Nxe4
{[%clk 01:31:14]} {[%emt 00:00:46]} 5. d4 {[%clk 01:29:30]} {[%emt 00:02:28]}
Bd6 {[%clk 01:29:29]} {[%emt 00:02:13]} 6. dxe5 {[%clk 01:26:55]} {[%emt
00:03:07]} Nxe5 {[%clk 01:27:42]} {[%emt 00:02:16]} 7. Nxe5 {[%clk 01:26:52]}
{[%emt 00:00:33]} Bxe5 {[%clk 01:28:01]} {[%emt 00:00:11]} 8. Re1 {[%clk
01:25:50]} {[%emt 00:01:32]} Qh4 {[%clk 01:26:33]} {[%emt 00:01:59]} 9. g3
{[%clk 01:22:59]} {[%emt 00:03:20]} Qf6 {[%clk 01:25:34]} {[%emt 00:01:30]} 10.
Rxe4 {[%clk 01:22:25]} {[%emt 00:01:03]} O-O {[%clk 01:25:45]} {[%emt
00:00:19]} 11. c3 {[%clk 01:11:45]} {[%emt 00:11:10]} c6 {[%clk 01:25:27]}
{[%emt 00:00:48]} 12. Bd3 {[%clk 01:10:52]} {[%emt 00:01:24]} d5 {[%clk
01:25:39]} {[%emt 00:00:17]} 13. Re1 {[%clk 01:07:46]} {[%emt 00:03:37]} Bd7
{[%clk 01:24:35]} {[%emt 00:01:35]} 14. Qh5 {[%clk 01:04:48]} {[%emt 00:03:24]}
g6 {[%clk 01:23:16]} {[%emt 00:01:53]} 15. Qxe5 {[%clk 01:02:01]} {[%emt
00:03:16]} Qxe5 {[%clk 01:23:27]} {[%emt 00:00:20]} 16. Rxe5 {[%clk 01:02:23]}
{[%emt 00:00:08]} Rad8 {[%clk 01:18:08]} {[%emt 00:05:49]} 17. Bh6 {[%clk
00:59:49]} {[%emt 00:03:03]} Rfe8 {[%clk 01:17:45]} {[%emt 00:00:53]} 18. Rxe8+
{[%clk 01:00:01]} {[%emt 00:00:18]} Rxe8 {[%clk 01:18:10]} {[%emt 00:00:05]}
19. Nd2 {[%clk 00:59:48]} {[%emt 00:00:44]} c5 {[%clk 01:18:16]} {[%emt
00:00:25]} 20. Nf3 {[%clk 00:58:59]} {[%emt 00:01:18]} c4 {[%clk 01:17:29]}
{[%emt 00:01:17]} 21. Bf1 {[%clk 00:57:54]} {[%emt 00:01:34]} Bg4 {[%clk
01:17:00]} {[%emt 00:01:00]} 22. Nd4 {[%clk 00:57:51]} {[%emt 00:00:33]} Re5
{[%clk 01:14:52]} {[%emt 00:02:37]} 23. Bd2 {[%clk 00:56:28]} {[%emt 00:01:53]}
Re8 {[%clk 01:12:25]} {[%emt 00:02:58]} 24. Re1 {[%clk 00:56:38]} {[%emt
00:00:19]} Rd8 {[%clk 01:12:41]} {[%emt 00:00:15]} 25. Bg2 {[%clk 00:56:40]}
{[%emt 00:00:28]} Kg7 {[%clk 01:11:30]} {[%emt 00:01:41]} 26. Re5 {[%clk
00:56:09]} {[%emt 00:00:59]} Rd6 {[%clk 01:09:34]} {[%emt 00:02:29]} 27. Rxd5
{[%clk 00:54:57]} {[%emt 00:01:41]} Ra6 {[%clk 01:09:47]} {[%emt 00:00:16]} 28.
a3 {[%clk 00:54:59]} {[%emt 00:00:29]} Rb6 {[%clk 01:10:01]} {[%emt 00:00:15]}
29. Rb5 {[%clk 00:54:59]} {[%emt 00:00:30]} Rd6 {[%clk 01:08:53]} {[%emt
00:01:39]} 30. Rxb7 {[%clk 00:54:46]} {[%emt 00:00:43]} Ra6 {[%clk 01:08:48]}
{[%emt 00:00:34]} 31. Bd5 {[%clk 00:53:58]} {[%emt 00:01:18]} Rf6 {[%clk
01:07:34]} {[%emt 00:01:44]} 32. Rxa7 {[%clk 00:53:01]} {[%emt 00:01:26]} Rd6
{[%clk 01:04:50]} {[%emt 00:03:15]} 33. Rxf7+ {[%clk 00:52:13]} {[%emt
00:01:17]} Kh8 {[%clk 01:04:52]} {[%emt 00:00:30]} 34. Bh6 {[%clk 00:51:47]}
{[%emt 00:00:55]} Rd8 {[%clk 01:05:05]} {[%emt 00:00:17]} 35. Bg7+ {[%clk
00:50:34]} {[%emt 00:01:45]} Kg8 {[%clk 01:05:28]} {[%emt 00:00:06]} 36. Rd7+
{[%clk 00:49:57]} {[%emt 00:01:02]} Be6 {[%clk 01:05:51]} {[%emt 00:00:12]} 37.
Bxe6# {[%clk 00:50:20]} {[%emt 00:00:07]} 1-0

[Event "DVM U16w 2023"]
[Site "Magdeburg GER"]
[Date "2023.12.27"]
[Round "2"]
[White "Nehrukumar, Snikitha"]
[Black "Schmidt, Emelie"]
[Result "0-1"]
[Termination "normal"]
[Board "10.2"]
[WhiteElo "1019"]
[BlackElo "1189"]
[WhiteClock "00:43:04"]
[BlackClock "00:34:29"]
[WhiteTeam "SK Freiburg-Zähringen 1887"]
[BlackTeam "SV Stuttgart-Wolfbusch 1956"]
[PlyCount "130"]
[WhiteFideId "34660569"]
[BlackFideId "34682490"]
[EventCountry "GER"]
[EventRounds "7"]
[EventType "team-swiss"]
[EventDate "2023.12.26"]

1. e4 {[%clk 01:30:57]} {[%emt 00:00:03]} d5 {[%clk 01:30:56]} {[%emt
00:00:04]} 2. exd5 {[%clk 01:31:07]} {[%emt 00:00:21]} Qxd5 {[%clk 01:31:21]}
{[%emt 00:00:05]} 3. Nc3 {[%clk 01:31:22]} {[%emt 00:00:15]} Qd8 {[%clk
01:31:45]} {[%emt 00:00:06]} 4. Nf3 {[%clk 01:31:41]} {[%emt 00:00:10]} Nf6
{[%clk 01:32:02]} {[%emt 00:00:14]} 5. Bc4 {[%clk 01:31:13]} {[%emt 00:00:57]}
e6 {[%clk 01:32:19]} {[%emt 00:00:13]} 6. O-O {[%clk 01:31:13]} {[%emt
00:00:30]} c6 {[%clk 01:32:40]} {[%emt 00:00:10]} 7. Re1 {[%clk 01:30:30]}
{[%emt 00:01:12]} Be7 {[%clk 01:32:30]} {[%emt 00:00:40]} 8. d4 {[%clk
01:30:32]} {[%emt 00:00:28]} b5 {[%clk 01:30:08]} {[%emt 00:02:52]} 9. Bd3
{[%clk 01:29:52]} {[%emt 00:01:10]} O-O {[%clk 01:27:30]} {[%emt 00:03:08]} 10.
Bg5 {[%clk 01:26:59]} {[%emt 00:03:22]} Na6 {[%clk 01:22:44]} {[%emt 00:05:18]}
11. Bxf6 {[%clk 01:26:17]} {[%emt 00:01:10]} Bxf6 {[%clk 01:23:02]} {[%emt
00:00:12]} 12. Qe2 {[%clk 01:25:49]} {[%emt 00:00:59]} Bxd4 {[%clk 01:20:50]}
{[%emt 00:02:43]} 13. Qe4 {[%clk 01:25:22]} {[%emt 00:00:55]} Bxf2+ {[%clk
01:19:10]} {[%emt 00:02:12]} 14. Kxf2 {[%clk 01:23:40]} {[%emt 00:02:12]} Qb6+
{[%clk 01:18:10]} {[%emt 00:01:29]} 15. Kf1 {[%clk 01:23:00]} {[%emt 00:01:12]}
g6 {[%clk 01:16:47]} {[%emt 00:01:52]} 16. Qh4 {[%clk 01:21:00]} {[%emt
00:02:27]} Qd8 {[%clk 01:14:02]} {[%emt 00:03:16]} 17. Qh6 {[%clk 01:18:39]}
{[%emt 00:02:54]} Qf6 {[%clk 01:12:20]} {[%emt 00:02:11]} 18. Ne4 {[%clk
01:15:42]} {[%emt 00:03:27]} Qg7 {[%clk 01:08:13]} {[%emt 00:04:37]} 19. Qxg7+
{[%clk 01:14:50]} {[%emt 00:01:23]} Kxg7 {[%clk 01:08:16]} {[%emt 00:00:26]}
20. Rad1 {[%clk 01:13:28]} {[%emt 00:01:53]} Bb7 {[%clk 01:06:55]} {[%emt
00:01:51]} 21. Nd6 {[%clk 01:12:45]} {[%emt 00:01:13]} Rab8 {[%clk 01:06:00]}
{[%emt 00:01:24]} 22. Nxb7 {[%clk 01:11:41]} {[%emt 00:01:35]} Rxb7 {[%clk
01:06:20]} {[%emt 00:00:10]} 23. Ne5 {[%clk 01:11:32]} {[%emt 00:00:39]} c5
{[%clk 01:04:15]} {[%emt 00:02:36]} 24. Be4 {[%clk 01:10:48]} {[%emt 00:01:12]}
Re7 {[%clk 01:03:17]} {[%emt 00:01:27]} 25. b3 {[%clk 01:06:02]} {[%emt
00:05:19]} f5 {[%clk 00:58:32]} {[%emt 00:05:14]} 26. Bf3 {[%clk 01:04:25]}
{[%emt 00:02:05]} Nb4 {[%clk 00:57:40]} {[%emt 00:01:26]} 27. a4 {[%clk
01:02:11]} {[%emt 00:02:44]} Nxc2 {[%clk 00:54:02]} {[%emt 00:04:09]} 28. Re2
{[%clk 01:00:52]} {[%emt 00:01:46]} Nd4 {[%clk 00:52:02]} {[%emt 00:02:32]} 29.
Rb2 {[%clk 01:00:34]} {[%emt 00:00:48]} a6 {[%clk 00:49:19]} {[%emt 00:03:13]}
30. a5 {[%clk 00:59:02]} {[%emt 00:02:02]} b4 {[%clk 00:48:47]} {[%emt
00:01:03]} 31. Nc6 {[%clk 00:57:47]} {[%emt 00:01:44]} Nxc6 {[%clk 00:48:50]}
{[%emt 00:00:28]} 32. Bxc6 {[%clk 00:58:10]} {[%emt 00:00:07]} Rc7 {[%clk
00:49:10]} {[%emt 00:00:10]} 33. Rd6 {[%clk 00:57:19]} {[%emt 00:01:20]} Kf7
{[%clk 00:48:39]} {[%emt 00:01:02]} 34. Re2 {[%clk 00:55:39]} {[%emt 00:02:09]}
Re7 {[%clk 00:45:24]} {[%emt 00:03:45]} 35. Bd7 {[%clk 00:54:13]} {[%emt
00:01:56]} e5 {[%clk 00:44:38]} {[%emt 00:01:16]} 36. Red2 {[%clk 00:53:06]}
{[%emt 00:01:37]} Rb8 {[%clk 00:41:54]} {[%emt 00:03:13]} 37. Rxa6 {[%clk
00:51:24]} {[%emt 00:02:13]} Rb7 {[%clk 00:41:39]} {[%emt 00:00:40]} 38. Rad6
{[%clk 00:49:04]} {[%emt 00:02:55]} Rc7 {[%clk 00:40:33]} {[%emt 00:01:31]} 39.
a6 {[%clk 00:48:22]} {[%emt 00:01:17]} Ra7 {[%clk 00:39:55]} {[%emt 00:01:07]}
40. Ra2 {[%clk 00:46:36]} {[%emt 00:02:18]} c4 {[%clk 00:34:41]} {[%emt
00:05:44]} 41. Ke1 {[%clk 00:45:48]} {[%emt 00:01:17]} cxb3 {[%clk 00:34:14]}
{[%emt 00:00:57]} 42. Ra1 {[%clk 00:45:29]} {[%emt 00:00:49]} b2 {[%clk
00:33:56]} {[%emt 00:00:49]} 43. Rb1 {[%clk 00:44:17]} {[%emt 00:01:41]} Rexd7
{[%clk 00:34:12]} {[%emt 00:00:13]} 44. Rxd7+ {[%clk 00:44:32]} {[%emt
00:00:17]} Rxd7 {[%clk 00:34:33]} {[%emt 00:00:09]} 45. Rxb2 {[%clk 00:44:59]}
{[%emt 00:00:04]} Ra7 {[%clk 00:34:52]} {[%emt 00:00:10]} 46. Rxb4 {[%clk
00:44:57]} {[%emt 00:00:32]} Rxa6 {[%clk 00:35:14]} {[%emt 00:00:08]} 47. Rb7+
{[%clk 00:45:24]} {[%emt 00:00:04]} Kg8 {[%clk 00:35:32]} {[%emt 00:00:09]} 48.
Kf2 {[%clk 00:45:27]} {[%emt 00:00:29]} Rf6 {[%clk 00:35:31]} {[%emt 00:00:30]}
49. Kf3 {[%clk 00:45:37]} {[%emt 00:00:20]} Rf7 {[%clk 00:35:34]} {[%emt
00:00:26]} 50. Rb8+ {[%clk 00:45:45]} {[%emt 00:00:23]} Kg7 {[%clk 00:35:24]}
{[%emt 00:00:40]} 51. Rb5 {[%clk 00:46:07]} {[%emt 00:00:09]} e4+ {[%clk
00:35:38]} {[%emt 00:00:16]} 52. Ke3 {[%clk 00:45:26]} {[%emt 00:01:11]} Ra7
{[%clk 00:35:41]} {[%emt 00:00:26]} 53. Rb2 {[%clk 00:45:30]} {[%emt 00:00:27]}
Ra3+ {[%clk 00:35:52]} {[%emt 00:00:19]} 54. Ke2 {[%emt 00:01:09]} Ra1 {[%clk
00:36:03]} 55. Ke3 {[%clk 00:44:37]} {[%emt 00:01:04]} Rh1 {[%clk 00:36:15]}
{[%emt 00:00:16]} 56. h3 {[%clk 00:44:58]} {[%emt 00:00:09]} Kh6 {[%clk
00:36:25]} {[%emt 00:00:20]} 57. Kf4 {[%clk 00:45:15]} {[%emt 00:00:14]} Kh5
{[%clk 00:36:32]} {[%emt 00:00:21]} 58. Rb3 {[%clk 00:44:33]} {[%emt 00:01:13]}
Rf1+ {[%clk 00:35:36]} {[%emt 00:01:20]} 59. Ke3 {[%clk 00:44:46]} {[%emt
00:00:24]} Kh4 {[%clk 00:35:49]} {[%emt 00:00:14]} 60. Rb7 {[%clk 00:44:25]}
{[%emt 00:00:52]} h6 {[%clk 00:35:21]} {[%emt 00:00:57]} 61. Rg7 {[%clk
00:43:55]} {[%emt 00:00:59]} g5 {[%clk 00:35:20]} {[%emt 00:00:32]} 62. Rf7
{[%clk 00:43:51]} {[%emt 00:00:34]} Kg3 {[%clk 00:34:09]} {[%emt 00:01:41]} 63.
Rh7 {[%emt 00:00:14]} Kxg2 {[%emt 00:00:42]} 64. Rxh6 {[%clk 00:42:52]} {[%emt
00:00:33]} Rf3+ {[%clk 00:34:30]} {[%emt 00:00:08]} 65. Kd4 {[%clk 00:43:04]}
{[%emt 00:00:20]} Rxh3 {[%clk 00:34:29]} {[%emt 00:00:31]} 0-1

[Event "DVM U16w 2023"]
[Site "Magdeburg GER"]
[Date "2023.12.27"]
[Round "2"]
[White "Schmidt, Sophie"]
[Black "Senthilkumar, Vasanthi"]
[Result "1-0"]
[Termination "normal"]
[Board "10.3"]
[WhiteElo "1167"]
[BlackElo "792"]
[WhiteClock "01:32:31"]
[BlackClock "01:28:50"]
[WhiteTeam "SV Stuttgart-Wolfbusch 1956"]
[BlackTeam "SK Freiburg-Zähringen 1887"]
[PlyCount "63"]
[WhiteFideId "34682503"]
[BlackFideId "34682511"]
[EventCountry "GER"]
[EventRounds "7"]
[EventType "team-swiss"]
[EventDate "2023.12.26"]

1. d4 {[%clk 01:30:59]} {[%emt 00:00:01]} d5 {[%clk 01:30:58]} {[%emt
00:00:02]} 2. Nf3 {[%clk 01:31:23]} {[%emt 00:00:07]} Nc6 {[%clk 01:31:04]}
{[%emt 00:00:16]} 3. Bf4 {[%clk 01:31:49]} {[%emt 00:00:12]} Bf5 {[%clk
01:31:22]} {[%emt 00:00:11]} 4. e3 {[%clk 01:32:06]} {[%emt 00:00:14]} Nf6
{[%clk 01:31:38]} {[%emt 00:00:14]} 5. Bb5 {[%clk 01:32:17]} {[%emt 00:00:19]}
a6 {[%clk 01:31:48]} {[%emt 00:00:20]} 6. Bxc6+ {[%clk 01:32:38]} {[%emt
00:00:10]} bxc6 {[%clk 01:31:57]} {[%emt 00:00:20]} 7. O-O {[%clk 01:32:43]}
{[%emt 00:00:25]} e6 {[%clk 01:32:13]} {[%emt 00:00:14]} 8. h3 {[%clk
01:32:21]} {[%emt 00:00:52]} Bd6 {[%clk 01:32:31]} {[%emt 00:00:13]} 9. Ne5
{[%clk 01:32:34]} {[%emt 00:00:17]} Bxe5 {[%clk 01:32:40]} {[%emt 00:00:22]}
10. Bxe5 {[%clk 01:32:56]} {[%emt 00:00:07]} O-O {[%clk 01:32:50]} {[%emt
00:00:19]} 11. b3 {[%clk 01:32:27]} {[%emt 00:00:59]} Rb8 {[%clk 01:31:55]}
{[%emt 00:01:25]} 12. c4 {[%clk 01:31:37]} {[%emt 00:01:20]} dxc4 {[%clk
01:31:48]} {[%emt 00:00:36]} 13. bxc4 {[%clk 01:32:01]} {[%emt 00:00:06]} Rxb1
{[%clk 01:31:39]} {[%emt 00:00:39]} 14. Rxb1 {[%clk 01:32:15]} {[%emt
00:00:16]} Bxb1 {[%clk 01:31:46]} {[%emt 00:00:23]} 15. Qxb1 {[%clk 01:32:39]}
{[%emt 00:00:06]} Re8 {[%clk 01:31:41]} {[%emt 00:00:29]} 16. Qb7 {[%clk
01:32:16]} {[%emt 00:00:59]} Re7 {[%clk 01:31:14]} {[%emt 00:00:56]} 17. Qxc6
{[%clk 01:32:04]} {[%emt 00:00:44]} Rd7 {[%clk 01:31:23]} {[%emt 00:00:20]} 18.
Qxa6 {[%clk 01:31:49]} {[%emt 00:00:46]} Ne4 {[%clk 01:30:43]} {[%emt
00:01:07]} 19. a4 {[%clk 01:31:26]} {[%emt 00:00:56]} f6 {[%clk 01:28:58]}
{[%emt 00:02:12]} 20. Qxe6+ {[%clk 01:30:56]} {[%emt 00:01:01]} Kf8 {[%clk
01:28:55]} {[%emt 00:02:02]} 21. Bf4 {[%clk 01:31:01]} {[%emt 00:00:49]} Qc8
{[%clk 01:28:54]} {[%emt 00:00:30]} 22. Qxe4 {[%clk 01:31:09]} {[%emt
00:00:22]} Qa6 {[%clk 01:28:49]} {[%emt 00:00:32]} 23. Qxh7 {[%clk 01:31:05]}
{[%emt 00:00:37]} Kf7 {[%clk 01:28:57]} {[%emt 00:00:23]} 24. Qh5+ {[%clk
01:30:52]} {[%emt 00:00:41]} Ke7 {[%clk 01:29:12]} {[%emt 00:00:15]} 25. Qb5
{[%clk 01:30:52]} {[%emt 00:00:31]} Qxb5 {[%clk 01:28:59]} {[%emt 00:00:43]}
26. cxb5 {[%emt 00:00:50]} Rd5 {[%clk 01:28:46]} {[%emt 00:00:01]} 27. Bxc7
{[%clk 01:31:05]} {[%emt 00:00:40]} Rg5 {[%clk 01:28:51]} {[%emt 00:00:24]} 28.
b6 {[%clk 01:31:09]} {[%emt 00:00:25]} Rh5 {[%clk 01:29:01]} {[%emt 00:00:21]}
29. b7 {[%clk 01:31:25]} {[%emt 00:00:14]} Rh8 {[%clk 01:29:02]} {[%emt
00:00:29]} 30. b8=Q {[%clk 01:31:32]} {[%emt 00:00:23]} Rxb8 {[%clk 01:29:19]}
{[%emt 00:00:49]} 31. Bxb8 {[%clk 01:32:13]} {[%emt 00:00:13]} Kd7 {[%clk
01:28:50]} {[%emt 00:00:59]} 32. Rc1 {[%clk 01:32:31]} {[%emt 00:00:14]} 1-0

[Event "DVM U16w 2023"]
[Site "Magdeburg GER"]
[Date "2023.12.28"]
[Round "3"]
[White "Glowiak, Alexandra"]
[Black "Jacobasch, Ronja"]
[Result "1-0"]
[Termination "normal"]
[Board "1.1"]
[WhiteElo "1730"]
[BlackElo "1607"]
[WhiteClock "00:02:31"]
[BlackClock "00:08:01"]
[WhiteTeam "Chemnitzer SC Aufbau95"]
[BlackTeam "SSV Altenberg"]
[PlyCount "55"]
[WhiteFideId "16259530"]
[BlackFideId "34604340"]
[EventCountry "GER"]
[EventRounds "7"]
[EventType "team-swiss"]
[EventDate "2023.12.26"]

1. e4 {[%clk 01:30:56]} {[%emt 00:00:04]} d5 {[%clk 01:30:56]} {[%emt
00:00:04]} 2. exd5 {[%clk 01:31:20]} {[%emt 00:00:06]} Qxd5 {[%clk 01:31:22]}
{[%emt 00:00:05]} 3. Nc3 {[%clk 01:31:45]} {[%emt 00:00:05]} Qd8 {[%clk
01:31:46]} {[%emt 00:00:06]} 4. d4 {[%clk 01:31:35]} {[%emt 00:00:39]} Nf6
{[%clk 01:32:04]} {[%emt 00:00:13]} 5. Nf3 {[%clk 01:26:30]} {[%emt 00:05:35]}
Bg4 {[%clk 01:30:52]} {[%emt 00:01:43]} 6. h3 {[%clk 01:25:26]} {[%emt
00:01:34]} Bh5 {[%clk 01:26:52]} {[%emt 00:04:29]} 7. g4 {[%clk 01:18:49]}
{[%emt 00:07:07]} Bg6 {[%clk 01:27:01]} {[%emt 00:00:20]} 8. Ne5 {[%clk
01:15:04]} {[%emt 00:04:15]} e6 {[%clk 01:16:43]} {[%emt 00:10:48]} 9. Bg2
{[%clk 01:08:02]} {[%emt 00:07:33]} c6 {[%clk 01:13:35]} {[%emt 00:03:38]} 10.
Be3 {[%clk 01:02:33]} {[%emt 00:05:58]} Bb4 {[%clk 01:10:00]} {[%emt 00:04:05]}
11. O-O {[%clk 00:55:43]} {[%emt 00:07:20]} Nbd7 {[%clk 01:05:03]} {[%emt
00:05:28]} 12. Nd3 {[%clk 00:36:10]} {[%emt 00:20:03]} Bd6 {[%clk 00:52:51]}
{[%emt 00:12:42]} 13. f4 {[%clk 00:36:13]} {[%emt 00:00:28]} h6 {[%clk
00:44:44]} {[%emt 00:08:36]} 14. Qe2 {[%clk 00:31:18]} {[%emt 00:05:25]} Bxd3
{[%clk 00:41:12]} {[%emt 00:04:02]} 15. Qxd3 {[%clk 00:31:33]} {[%emt
00:00:15]} Qc7 {[%clk 00:39:11]} {[%emt 00:02:31]} 16. f5 {[%clk 00:29:26]}
{[%emt 00:02:37]} exf5 {[%clk 00:36:07]} {[%emt 00:03:34]} 17. Qxf5 {[%clk
00:28:53]} {[%emt 00:01:02]} O-O-O {[%clk 00:33:49]} {[%emt 00:02:48]} 18. d5
{[%clk 00:26:57]} {[%emt 00:02:26]} g6 {[%clk 00:30:29]} {[%emt 00:03:51]} 19.
Qf2 {[%clk 00:21:14]} {[%emt 00:06:13]} Bg3 {[%clk 00:27:06]} {[%emt 00:03:53]}
20. Qd2 {[%clk 00:20:56]} {[%emt 00:00:48]} Nxd5 {[%clk 00:21:08]} {[%emt
00:06:27]} 21. Nxd5 {[%clk 00:18:47]} {[%emt 00:02:39]} cxd5 {[%clk 00:20:53]}
{[%emt 00:00:46]} 22. Rxf7 {[%clk 00:17:45]} {[%emt 00:01:31]} Rhf8 {[%clk
00:16:23]} {[%emt 00:05:01]} 23. Raf1 {[%clk 00:16:14]} {[%emt 00:02:01]} Rxf7
{[%clk 00:14:51]} {[%emt 00:02:01]} 24. Rxf7 {[%clk 00:16:42]} {[%emt
00:00:02]} Qe5 {[%clk 00:12:18]} {[%emt 00:03:04]} 25. Bd4 {[%clk 00:05:32]}
{[%emt 00:11:39]} Qd6 {[%clk 00:11:18]} {[%emt 00:01:30]} 26. Qc3+ {[%clk
00:02:19]} {[%emt 00:03:43]} Kb8 {[%clk 00:09:30]} {[%emt 00:02:18]} 27. Bxa7+
{[%clk 00:02:14]} {[%emt 00:00:35]} Ka8 {[%clk 00:08:01]} {[%emt 00:02:00]} 28.
Qa5 {[%clk 00:02:31]} {[%emt 00:00:13]} *

[Event "DVM U16w 2023"]
[Site "Magdeburg GER"]
[Date "2023.12.28"]
[Round "3"]
[White "Müller, Cosima"]
[Black "Czäczine, Paula"]
[Result "0-1"]
[Termination "normal"]
[Board "1.2"]
[WhiteElo "1462"]
[BlackElo "1581"]
[WhiteClock "00:29:07"]
[BlackClock "00:15:25"]
[WhiteTeam "SSV Altenberg"]
[BlackTeam "Chemnitzer SC Aufbau95"]
[PlyCount "74"]
[WhiteFideId "34601490"]
[BlackFideId "16249305"]
[EventCountry "GER"]
[EventRounds "7"]
[EventType "team-swiss"]
[EventDate "2023.12.26"]

1. e4 {[%clk 01:30:57]} {[%emt 00:00:02]} e5 {[%clk 01:30:56]} {[%emt
00:00:04]} 2. Nf3 {[%clk 01:31:22]} {[%emt 00:00:05]} Nc6 {[%clk 01:31:22]}
{[%emt 00:00:04]} 3. Bb5 {[%clk 01:31:47]} {[%emt 00:00:05]} a6 {[%clk
01:31:44]} {[%emt 00:00:09]} 4. Ba4 {[%clk 01:32:12]} {[%emt 00:00:05]} Nf6
{[%clk 01:32:05]} {[%emt 00:00:09]} 5. O-O {[%clk 01:32:33]} {[%emt 00:00:08]}
Be7 {[%clk 01:32:01]} {[%emt 00:00:34]} 6. Re1 {[%clk 01:32:57]} {[%emt
00:00:06]} b5 {[%clk 01:32:17]} {[%emt 00:00:13]} 7. Bb3 {[%clk 01:33:21]}
{[%emt 00:00:07]} d6 {[%clk 01:30:37]} {[%emt 00:02:10]} 8. c3 {[%clk
01:33:43]} {[%emt 00:00:09]} O-O {[%clk 01:30:48]} {[%emt 00:00:18]} 9. h3
{[%clk 01:33:15]} {[%emt 00:00:58]} Na5 {[%clk 01:26:23]} {[%emt 00:04:55]} 10.
Bc2 {[%clk 01:33:35]} {[%emt 00:00:10]} c5 {[%clk 01:26:15]} {[%emt 00:00:38]}
11. d4 {[%clk 01:30:47]} {[%emt 00:03:18]} cxd4 {[%clk 01:20:40]} {[%emt
00:06:05]} 12. cxd4 {[%clk 01:30:47]} {[%emt 00:00:30]} Qc7 {[%clk 01:17:21]}
{[%emt 00:03:49]} 13. Nc3 {[%clk 01:18:03]} {[%emt 00:13:14]} Bb7 {[%clk
01:10:46]} {[%emt 00:07:05]} 14. Qd3 {[%clk 01:09:22]} {[%emt 00:09:10]} Rac8
{[%clk 01:02:56]} {[%emt 00:08:21]} 15. Re2 {[%clk 00:54:32]} {[%emt 00:15:21]}
b4 {[%clk 00:57:47]} {[%emt 00:05:39]} 16. Nd5 {[%clk 00:52:57]} {[%emt
00:02:04]} Bxd5 {[%clk 00:52:11]} {[%emt 00:06:05]} 17. exd5 {[%clk 00:53:13]}
{[%emt 00:00:15]} e4 {[%clk 00:52:17]} {[%emt 00:00:24]} 18. Rxe4 {[%clk
00:45:11]} {[%emt 00:08:31]} Nxe4 {[%clk 00:51:50]} {[%emt 00:00:57]} 19. Qxe4
{[%clk 00:45:06]} {[%emt 00:00:35]} Qxc2 {[%clk 00:47:58]} {[%emt 00:04:23]}
20. Qxe7 {[%clk 00:45:13]} {[%emt 00:00:23]} Qd1+ {[%clk 00:35:22]} {[%emt
00:13:06]} 21. Qe1 {[%clk 00:45:11]} {[%emt 00:00:32]} Qxe1+ {[%clk 00:35:05]}
{[%emt 00:00:46]} 22. Nxe1 {[%clk 00:45:35]} {[%emt 00:00:06]} Nc4 {[%clk
00:28:21]} {[%emt 00:07:15]} 23. Nd3 {[%clk 00:40:27]} {[%emt 00:05:37]} a5
{[%clk 00:27:16]} {[%emt 00:01:36]} 24. Bf4 {[%clk 00:39:35]} {[%emt 00:01:22]}
Rfd8 {[%clk 00:21:40]} {[%emt 00:06:06]} 25. Rc1 {[%clk 00:37:42]} {[%emt
00:02:23]} Nb6 {[%clk 00:20:31]} {[%emt 00:01:39]} 26. Rc6 {[%clk 00:36:45]}
{[%emt 00:01:23]} Nxd5 {[%clk 00:17:41]} {[%emt 00:03:24]} 27. Rxc8 {[%clk
00:36:29]} {[%emt 00:00:46]} Rxc8 {[%clk 00:18:04]} {[%emt 00:00:07]} 28. Bxd6
{[%clk 00:36:50]} {[%emt 00:00:09]} Rc2 {[%clk 00:15:34]} {[%emt 00:03:00]} 29.
Nf4 {[%clk 00:28:23]} {[%emt 00:08:56]} Nxf4 {[%clk 00:15:24]} {[%emt
00:00:41]} 30. Bxf4 {[%clk 00:28:47]} {[%emt 00:00:06]} Rxb2 {[%clk 00:15:11]}
{[%emt 00:00:43]} 31. d5 {[%clk 00:29:03]} {[%emt 00:00:14]} Rxa2 {[%clk
00:15:00]} {[%emt 00:00:40]} 32. d6 {[%clk 00:29:14]} {[%emt 00:00:19]} Ra1+
{[%clk 00:15:13]} {[%emt 00:00:18]} 33. Kh2 {[%clk 00:29:39]} {[%emt 00:00:05]}
Rd1 {[%clk 00:15:30]} {[%emt 00:00:13]} 34. Kg3 {[%clk 00:28:48]} {[%emt
00:01:21]} b3 {[%clk 00:14:58]} {[%emt 00:01:02]} 35. Be5 {[%clk 00:28:36]}
{[%emt 00:00:42]} a4 {[%clk 00:15:07]} {[%emt 00:00:21]} 36. Kf3 {[%clk
00:28:51]} {[%emt 00:00:15]} a3 {[%clk 00:15:13]} {[%emt 00:00:24]} 37. Ke2
{[%clk 00:29:07]} {[%emt 00:00:14]} Rd5 {[%clk 00:15:25]} {[%emt 00:00:18]} 0-1